Score 0/23 Timer 07:00
0 Plays Today
City River % Correct
New York, NYHudson, East and Harlem Rivers
96.6%
New Orleans, LAMississippi River
92.5%
Pittsburgh, PAOhio, Monongahela and Allegheny Rivers
88%
Kansas City, MOMissouri River
83.1%
El Paso, TXRio Grande
81%
Washington, D.C.Potomac and Anacostia Rivers
79.6%
Philadelphia, PADelaware and Schuylkill Rivers
68.8%
Boston, MACharles and Mystic Rivers
64.9%
Portland, ORWillamette and Columbia Rivers
56.7%
Cleveland, OHCuyahoga River
40.9%
Hartford, CTConnecticut River
39.2%
Detroit, MIDetroit River
30.7%
City River % Correct
Sacramento, CASacramento River
29.9%
Harrisburg, PASusquehanna River
28.2%
Richmond, VAJames River
28.2%
Augusta, GASavannah River
27.3%
Jacksonville, FLSt. John's River
18.6%
Indianapolis, INWhite River
17.3%
Columbus, OHScioto River
12.5%
New London, CTThames River
12.3%
Allentown, PALehigh River
10.8%
Baltimore, MDPatapsco River
10.5%
Charleston, SCAshley and Cooper Rivers
8.8%

You're not logged in!

Compare scores with friends on all Sporcle quizzes.
OR
Log In

Sporcle TV

Today on Sporcle TV


Watch our educational content, quiz creation guides, and fun videos on Sporcle TV.

Show Comments

Extras

Top Quizzes Today


Score Distribution

Paid Content

Your Account Isn't Verified!

In order to create a playlist on Sporcle, you need to verify the email address you used during registration. Go to your Sporcle Settings to finish the process.

Report this User

Report this user for behavior that violates our Community Guidelines.

Details: